[Event "Titled Tuesday intern op 17th Oct Early"]
[Site "Chess.com INT"]
[Date "2023.10.17"]
[Round "2"]
[White "Svane, Frederik"]
[Black "Ianovsky, Matias Manuel"]
[Result "1-0"]
[WhiteElo "2626"]
[BlackElo "2218"]
[PlyCount "89"]
[EventDate "2023.10.17"]
[EventType "swiss (blitz)"]
[EventRounds "11"]
[EventCountry "USA"]
[SourceTitle "EXT 2025"]
[Source "ChessBase"]
[SourceDate "2024.10.14"]
[SourceVersion "1"]
[SourceVersionDate "2024.10.14"]
[SourceQuality "1"]

1. a3 g6 2. d4 d5 3. Nf3 Bg7 4. e3 Nf6 5. b4 0-0 6. Be2 Ne4 7. 0-0 a5 8. Bb2 c5 9. bxc5 Nxc5 10. a4 Ne4 11. Na3 Nc6 12. Nb5 Bf5 13. c3 Rc8 14. Nd2 e5 15. Nxe4 Bxe4 16. Ba3 exd4 17. Bxf8 Bxf8 18. cxd4 Nb4 19. Rc1 Qg5 20. g3 Re8 21. Bf3 Bd3 22. Re1 h5 23. h4 Qf6 24. Bg2 Bc4 25. Rc3 Na2 26. Rxc4 dxc4 27. Qc2 Nb4 28. Qxc4 g5 29. hxg5 Qxg5 30. Qc7 Nd3 31. Re2 Qg4 32. Rd2 Ne1 33. Qf4 Bb4 34. Qxg4+ hxg4 35. Rd1 Nf3+ 36. Bxf3 gxf3 37. d5 Rd8 38. g4 Kg7 39. Nd4 Kf6 40. Nxf3 Bd6 41. e4 b5 42. g5+ Ke7 43. e5 Bb4 44. axb5 a4 45. Rd4 1-0

[Event "Titled Tuesday intern op 10th Oct Early"]
[Site "Chess.com INT"]
[Date "2023.10.10"]
[Round "2"]
[White "Ianovsky, Matias Manuel"]
[Black "Mekhitarian, Krikor Sevag"]
[Result "0-1"]
[WhiteElo "2218"]
[BlackElo "2559"]
[PlyCount "122"]
[EventDate "2023.10.10"]
[EventType "swiss (blitz)"]
[EventRounds "11"]
[EventCountry "USA"]
[SourceTitle "EXT 2025"]
[Source "ChessBase"]
[SourceDate "2024.10.14"]
[SourceVersion "1"]
[SourceVersionDate "2024.10.14"]
[SourceQuality "1"]

1. d4 Nf6 2. Nf3 g6 3. c4 Bg7 4. g3 d5 5. cxd5 Nxd5 6. Bg2 Nb6 7. 0-0 Nc6 8. e3 e5 9. Nc3 exd4 10. exd4 0-0 11. Bg5 Qd7 12. Qb3 h6 13. Be3 Na5 14. Qc2 Nac4 15. Rad1 Nxe3 16. fxe3 Qe7 17. Rfe1 Bf5 18. e4 Bg4 19. e5 Rad8 20. h3 Bxf3 21. Bxf3 c6 22. Qf2 h5 23. Re2 h4 24. gxh4 Qb4 25. h5 Nc4 26. hxg6 fxg6 27. e6 Qe7 28. d5 Ne5 29. Rxe5 Bxe5 30. Qg2 Kg7 31. Be4 Qf6 32. e7 Qxe7 33. Qxg6+ Kh8 34. Qh5+ Kg8 35. Rd2 Rf7 36. Rg2+ Kf8 37. Qh6+ Bg7 38. Qh5 Qf6 39. Bg6 Qf1+ 40. Kh2 Be5+ 41. Qxe5 Qf4+ 42. Qxf4 Rxf4 43. dxc6 bxc6 44. Bc2 Ke7 45. Bb3 c5 46. Re2+ Kf8 47. Nd5 Rd4 48. Rf2+ Kg7 49. Ne7 Rd2 50. Nf5+ Kf6 51. Rxd2 Rxd2+ 52. Kg3 Kxf5 53. h4 Rxb2 54. h5 Kg5 55. Bf7 Rb7 56. Bg6 c4 57. Kf3 Rd7 58. Ke2 c3 59. Be4 Re7 60. Kd3 Rxe4 61. Kxe4 c2 0-1

[Event "Titled Tuesday intern op 10th Oct Early"]
[Site "Chess.com INT"]
[Date "2023.10.10"]
[Round "5"]
[White "Ianovsky, Matias Manuel"]
[Black "Yeritsyan, Hayk"]
[Result "1/2-1/2"]
[WhiteElo "2218"]
[BlackElo "2197"]
[PlyCount "128"]
[EventDate "2023.10.10"]
[EventType "swiss (blitz)"]
[EventRounds "11"]
[EventCountry "USA"]
[SourceTitle "EXT 2025"]
[Source "ChessBase"]
[SourceDate "2024.10.14"]
[SourceVersion "1"]
[SourceVersionDate "2024.10.14"]
[SourceQuality "1"]

1. d4 Nf6 2. Nf3 b6 3. c4 Bb7 4. g3 e6 5. Bg2 c5 6. d5 exd5 7. Nh4 d6 8. 0-0 Nbd7 9. cxd5 Be7 10. Nf5 0-0 11. Bf4 Nb8 12. Nc3 a6 13. a4 Re8 14. Qb3 Bf8 15. Rfe1 Nh5 16. Bd2 Nd7 17. g4 Nhf6 18. h3 Ne5 19. Bg5 h6 20. Bxf6 Qxf6 21. Qxb6 Rab8 22. Qb3 Ng6 23. e3 Nh4 24. Ne4 Qd8 25. Nxh4 Qxh4 26. Ng3 g6 27. Qd3 Bg7 28. Rab1 Be5 29. Ne4 Bc8 30. Nd2 h5 31. Nf3 Qf6 32. gxh5 Bxh3 33. Nxe5 Bxg2 34. Kxg2 Rxe5 35. hxg6 Rg5+ 36. Kf1 fxg6 37. b3 Rf8 38. f4 Rg3 39. Qe4 Qh4 40. Rb2 Qh3+ 41. Rg2 Qh1+ 42. Kf2 Rxg2+ 43. Qxg2 Qh4+ 44. Qg3 Qf6 45. Qg5 Qf7 46. Rg1 Kg7 47. Rh1 Rh8 48. Rxh8 Kxh8 49. Qd8+ Kg7 50. Qxd6 Qb7 51. Qe5+ Kh7 52. d6 Qxb3 53. Qe7+ Kh6 54. d7 Qc2+ 55. Kf3 Qd1+ 56. Kf2 Qd2+ 57. Kf3 Qd5+ 58. e4 Qd3+ 59. Kf2 Qd2+ 60. Kg3 Qe3+ 61. Kg2 Qe2+ 62. Kg3 Qe3+ 63. Kg2 Qe2+ 64. Kg3 Qe3+ 1/2-1/2

[Event "Titled Tuesday intern op 10th Oct Early"]
[Site "Chess.com INT"]
[Date "2023.10.10"]
[Round "3"]
[White "Ovezdurdiyeva, Jemal"]
[Black "Ianovsky, Matias Manuel"]
[Result "1-0"]
[WhiteElo "2057"]
[BlackElo "2218"]
[PlyCount "39"]
[EventDate "2023.10.10"]
[EventType "swiss (blitz)"]
[EventRounds "11"]
[EventCountry "USA"]
[SourceTitle "EXT 2025"]
[Source "ChessBase"]
[SourceDate "2024.10.14"]
[SourceVersion "1"]
[SourceVersionDate "2024.10.14"]
[SourceQuality "1"]

1. e4 c6 2. d4 d5 3. Nc3 dxe4 4. Nxe4 Nd7 5. Nf3 Ngf6 6. Ng3 e6 7. Bd3 c5 8. 0-0 cxd4 9. Nxd4 Bd6 10. Bc4 Ne5 11. Bb3 0-0 12. Bg5 Be7 13. Re1 Ng6 14. c3 h6 15. Bd2 Bd7 16. Qe2 a6 17. Bc2 Nh8 18. Rad1 Qc7 19. Qd3 Ng4 20. Qh7# 1-0

[Event "Titled Tuesday intern op 10th Oct Late"]
[Site "Chess.com INT"]
[Date "2023.10.10"]
[Round "11"]
[White "Pinto, Daniel"]
[Black "Ianovsky, Matias Manuel"]
[Result "1-0"]
[WhiteElo "2250"]
[BlackElo "2218"]
[PlyCount "75"]
[EventDate "2023.10.10"]
[EventType "swiss (blitz)"]
[EventRounds "11"]
[EventCountry "USA"]
[SourceTitle "EXT 2025"]
[Source "ChessBase"]
[SourceDate "2024.10.14"]
[SourceVersion "1"]
[SourceVersionDate "2024.10.14"]
[SourceQuality "1"]

1. e4 c6 2. d4 d5 3. e5 c5 4. dxc5 Nc6 5. Nf3 Bg4 6. Bb5 Qa5+ 7. Nc3 e6 8. Be3 Nh6 9. a3 Nf5 10. b4 Nxe3 11. fxe3 Qc7 12. 0-0 Be7 13. e4 dxe4 14. Nxe4 0-0 15. Bxc6 Qxc6 16. Nd6 f6 17. Qd4 Bh5 18. Qc4 Bf7 19. Nd4 Qd7 20. Nxf7 Rxf7 21. Nxe6 b5 22. c6 Qd2 23. Qb3 Rc8 24. Rad1 Qh6 25. c7 fxe5 26. Rxf7 Kxf7 27. Ng5+ Kg6 28. Qe6+ Kxg5 29. Qxc8 Qb6+ 30. Kh1 Qe3 31. Qe6 Bf6 32. Qh3 Qe2 33. Qg3+ Kh6 34. Qh3+ Kg6 35. Qd3+ Qxd3 36. cxd3 e4 37. c8Q e3 38. Qg4+ 1-0

[Event "Titled Tuesday intern op 10th Oct Late"]
[Site "Chess.com INT"]
[Date "2023.10.10"]
[Round "6"]
[White "Vyprachticky, David"]
[Black "Ianovsky, Matias Manuel"]
[Result "0-1"]
[WhiteElo "2312"]
[BlackElo "2218"]
[PlyCount "72"]
[EventDate "2023.10.10"]
[EventType "swiss (blitz)"]
[EventRounds "11"]
[EventCountry "USA"]
[SourceTitle "EXT 2025"]
[Source "ChessBase"]
[SourceDate "2024.10.14"]
[SourceVersion "1"]
[SourceVersionDate "2024.10.14"]
[SourceQuality "1"]

1. e4 c6 2. d4 d5 3. exd5 cxd5 4. Bd3 Nc6 5. c3 Nf6 6. h3 e5 7. dxe5 Nxe5 8. Nf3 Nxd3+ 9. Qxd3 Bd6 10. 0-0 0-0 11. Be3 Re8 12. Nbd2 Ne4 13. Rad1 Bf5 14. Nd4 Bg6 15. Nxe4 Bxe4 16. Qd2 Qf6 17. f3 Qe5 18. Rfe1 Qh2+ 19. Kf1 Bg6 20. Bg1 Qh1 21. Rxe8+ Rxe8 22. Re1 Rd8 23. Qg5 f6 24. Qg4 Be5 25. Rd1 Re8 26. Ne2 Bc2 27. Rd2 Bg6 28. Rxd5 Bf7 29. Rd7 h5 30. Qa4 Bh2 31. Rd2 Bg6 32. Qd4 Kh7 33. Rd1 Re7 34. Nf4 Bf7 35. Qd3+ g6 36. Nxh5 Qxg1# 0-1

[Event "Titled Tuesday intern op 03rd Oct Early"]
[Site "Chess.com INT"]
[Date "2023.10.03"]
[Round "3"]
[White "Ashraf, Artin"]
[Black "Ianovsky, Matias Manuel"]
[Result "1-0"]
[WhiteElo "2340"]
[BlackElo "2218"]
[PlyCount "67"]
[EventDate "2023.10.03"]
[EventType "swiss (blitz)"]
[EventRounds "11"]
[EventCountry "USA"]
[SourceTitle "EXT 2025"]
[Source "ChessBase"]
[SourceDate "2024.10.14"]
[SourceVersion "1"]
[SourceVersionDate "2024.10.14"]
[SourceQuality "1"]

1. c4 Nf6 2. Nf3 g6 3. Nc3 Bg7 4. e4 d6 5. d4 0-0 6. Be2 e5 7. 0-0 Nc6 8. Be3 Ng4 9. Bg5 f6 10. Bh4 g5 11. Bg3 h5 12. h3 h4 13. d5 hxg3 14. hxg4 gxf2+ 15. Rxf2 Ne7 16. Nh2 Ng6 17. Nf1 Nf4 18. Ne3 c6 19. Kf1 Qb6 20. Qd2 Qd4 21. Rd1 Qxd2 22. Rxd2 c5 23. Bd1 a6 24. Na4 b5 25. Nb6 Rb8 26. Nxc8 Rfxc8 27. Nf5 Bf8 28. g3 Ng6 29. cxb5 axb5 30. a4 bxa4 31. Bxa4 Rb4 32. Bd7 Rcb8 33. Be6+ Kh8 34. Rh2+ 1-0

[Event "Titled Tuesday intern op 03rd Oct Early"]
[Site "Chess.com INT"]
[Date "2023.10.03"]
[Round "7"]
[White "Ianovsky, Matias Manuel"]
[Black "Herman, Daniel"]
[Result "1-0"]
[WhiteElo "2218"]
[BlackElo "1927"]
[PlyCount "55"]
[EventDate "2023.10.03"]
[EventType "swiss (blitz)"]
[EventRounds "11"]
[EventCountry "USA"]
[SourceTitle "EXT 2025"]
[Source "ChessBase"]
[SourceDate "2024.10.14"]
[SourceVersion "1"]
[SourceVersionDate "2024.10.14"]
[SourceQuality "1"]

1. d4 Nf6 2. Nf3 g6 3. c4 Bg7 4. g3 0-0 5. Bg2 d6 6. 0-0 Nc6 7. Nc3 a6 8. b3 Rb8 9. Nd5 Ne4 10. Bb2 b5 11. Rc1 bxc4 12. Rxc4 Be6 13. Rxc6 Bxd5 14. Rxa6 Ra8 15. Rxa8 Qxa8 16. a3 Ng5 17. Qd3 Nxf3+ 18. Bxf3 Bxf3 19. exf3 c5 20. Re1 e6 21. Rd1 Rb8 22. Kg2 Qd5 23. b4 cxb4 24. axb4 Rxb4 25. Bc3 Rb3 26. Qd2 Qc6 27. Rc1 Bf6 28. d5 1-0

[Event "Titled Tuesday intern op 03rd Oct Early"]
[Site "Chess.com INT"]
[Date "2023.10.03"]
[Round "11"]
[White "Makhnev, Denis"]
[Black "Ianovsky, Matias Manuel"]
[Result "1-0"]
[WhiteElo "2466"]
[BlackElo "2218"]
[PlyCount "81"]
[EventDate "2023.10.03"]
[EventType "swiss (blitz)"]
[EventRounds "11"]
[EventCountry "USA"]
[SourceTitle "EXT 2025"]
[Source "ChessBase"]
[SourceDate "2024.10.14"]
[SourceVersion "1"]
[SourceVersionDate "2024.10.14"]
[SourceQuality "1"]

1. d4 Nf6 2. Bg5 g6 3. Bxf6 exf6 4. g3 Bg7 5. Bg2 0-0 6. e3 f5 7. Ne2 d6 8. c4 c5 9. Nbc3 Nc6 10. Qd2 Re8 11. 0-0 cxd4 12. exd4 Bd7 13. Rad1 Rc8 14. b3 h5 15. h4 a6 16. Rfe1 Kh7 17. a4 Bh6 18. Qd3 f4 19. Nxf4 Bxf4 20. gxf4 Qxh4 21. Nd5 Be6 22. Qg3 Qxg3 23. Nf6+ Kh6 24. fxg3 Bg4 25. Nxe8 Bxd1 26. Nxd6 Bg4 27. Nxc8 Bxc8 28. d5 Nd4 29. b4 Bd7 30. a5 Nf5 31. Kf2 Kg7 32. c5 Kf6 33. c6 bxc6 34. dxc6 Bc8 35. c7 Nd6 36. Bd5 Kf5 37. Rc1 h4 38. Rc6 hxg3+ 39. Kxg3 Nb5 40. Bxf7 Nd4 41. Bxg6# 1-0

[Event "Titled Tuesday intern op 26th Sep Early"]
[Site "Chess.com INT"]
[Date "2023.09.26"]
[Round "1"]
[White "Ianovsky, Matias Manuel"]
[Black "Deveci, Huseyin Said"]
[Result "1-0"]
[WhiteElo "2218"]
[BlackElo "1948"]
[PlyCount "65"]
[EventDate "2023.09.26"]
[EventType "swiss (blitz)"]
[EventRounds "11"]
[EventCountry "USA"]
[SourceTitle "EXT 2024"]
[Source "ChessBase"]
[SourceDate "2023.10.10"]
[SourceVersion "1"]
[SourceVersionDate "2023.10.10"]
[SourceQuality "1"]

1. d4 d5 2. Nf3 Nf6 3. c4 c6 4. g3 g6 5. Bg2 Bg7 6. 0-0 0-0 7. Nc3 Ne4 8. Nxe4 dxe4 9. Ng5 Qxd4 10. Qxd4 Bxd4 11. Rd1 Bg7 12. Nxe4 Nd7 13. Bg5 Re8 14. Rab1 h6 15. Be3 e5 16. Nd6 Rd8 17. b4 Nf6 18. b5 cxb5 19. cxb5 Bg4 20. Kf1 Rd7 21. Nxb7 Rc7 22. Nd8 Rac8 23. Nc6 Bf5 24. Rbc1 Ng4 25. Bxa7 Nxh2+ 26. Kg1 Ng4 27. b6 Rb7 28. Na5 Re7 29. b7 Rce8 30. b8Q Rxb8 31. Bxb8 e4 32. Nc6 Re8 33. e3 1-0

[Event "Titled Tuesday intern op 26th Sep Early"]
[Site "Chess.com INT"]
[Date "2023.09.26"]
[Round "3"]
[White "Marcziter, Dmitrii"]
[Black "Ianovsky, Matias Manuel"]
[Result "1/2-1/2"]
[WhiteElo "2236"]
[BlackElo "2218"]
[PlyCount "145"]
[EventDate "2023.09.26"]
[EventType "swiss (blitz)"]
[EventRounds "11"]
[EventCountry "USA"]
[SourceTitle "EXT 2024"]
[Source "ChessBase"]
[SourceDate "2023.10.10"]
[SourceVersion "1"]
[SourceVersionDate "2023.10.10"]
[SourceQuality "1"]

1. e4 c6 2. Nf3 d5 3. Nc3 Bg4 4. h3 Bxf3 5. Qxf3 e6 6. Qg3 d4 7. Nb1 Nd7 8. Bc4 Ne7 9. 0-0 b5 10. Bb3 Nc5 11. d3 Ng6 12. f4 Nxb3 13. axb3 Bd6 14. e5 Bc7 15. Nd2 f5 16. Nf3 c5 17. Bd2 0-0 18. Kh1 Qd5 19. Ba5 Bb6 20. Bxb6 axb6 21. Ng5 Ne7 22. Qf3 h6 23. Qxd5 exd5 24. Ne6 Rfc8 25. Rxa8 Rxa8 26. Nc7 Ra2 27. Nxb5 Rxb2 28. Rc1 Nc6 29. Nc7 Nb4 30. Ra1 Rxc2 31. Ra7 c4 32. bxc4 dxc4 33. e6 Re2 34. Ra8+ Kh7 35. dxc4 d3 36. Rd8 d2 37. Kh2 Nc2 38. Nb5 Ne3 39. Nc3 Rxg2+ 40. Kh1 Rg6 41. e7 Re6 42. e8Q Rxe8 43. Rxe8 d1Q+ 44. Nxd1 Nxd1 45. Re6 Nf2+ 46. Kg2 Nd3 47. Kf3 Nb2 48. Rc6 Na4 49. Ke3 Kg8 50. Kd3 Kf7 51. Kd4 g5 52. Ke5 g4 53. Kxf5 g3 54. Rd6 Nc5 55. Rd1 h5 56. Kg5 Ne4+ 57. Kxh5 Nf2 58. Rg1 Nxh3 59. Kg4 Nxf4 60. Rxg3 Ke6 61. Rb3 Ng6 62. Rxb6+ Kf7 63. Rxg6 Kxg6 64. Kf4 Kf6 65. Ke4 Ke6 66. c5 Kd7 67. Kd5 Kc7 68. c6 Kc8 69. Kc5 Kc7 70. Kb5 Kc8 71. Kb6 Kb8 72. c7+ Kc8 73. Kc6 1/2-1/2

[Event "Titled Tuesday intern op 05th Sep Early"]
[Site "Chess.com INT"]
[Date "2023.09.05"]
[Round "6"]
[White "Hajiyev, Kanan"]
[Black "Ianovsky, Matias Manuel"]
[Result "0-1"]
[WhiteElo "2113"]
[BlackElo "2218"]
[PlyCount "74"]
[EventDate "2023.09.05"]
[EventType "swiss (blitz)"]
[EventRounds "11"]
[EventCountry "USA"]
[SourceTitle "EXT 2024"]
[Source "ChessBase"]
[SourceDate "2023.10.10"]
[SourceVersion "1"]
[SourceVersionDate "2023.10.10"]
[SourceQuality "1"]

1. d4 Nf6 2. Nf3 g6 3. g3 Bg7 4. Bg2 0-0 5. 0-0 d6 6. b3 c6 7. Bb2 Qa5 8. Qd2 Qh5 9. Qg5 Na6 10. Qxh5 Nxh5 11. c3 c5 12. e3 Rb8 13. Nbd2 b5 14. Rac1 Nf6 15. a3 Bd7 16. Rfe1 Rfc8 17. Bf1 Nc7 18. e4 b4 19. axb4 cxb4 20. c4 Nfe8 21. Ra1 Ra8 22. e5 d5 23. c5 Bb5 24. Ra5 Bxf1 25. Kxf1 Ne6 26. Rea1 Rc7 27. Ke2 f6 28. exf6 Bxf6 29. Kd3 Nxc5+ 30. Rxc5 Rxc5 31. dxc5 Bxb2 32. Ra4 a5 33. Nd4 Nc7 34. f4 Na6 35. c6 Nc5+ 36. Kc2 Nxa4 37. bxa4 Bxd4 0-1